[Event "World op 53rd"]
[Site "Philadephia"]
[Date "2025.07.04"]
[Round "3"]
[White "George Micheal, Kevin"]
[Black "Matviishen, Viktor"]
[Result "0-1"]
[WhiteElo "2327"]
[BlackElo "2540"]
[PlyCount "66"]
[EventDate "2025.07.03"]
[EventType "swiss"]
[EventRounds "9"]
[EventCountry "USA"]
[SourceTitle "CB28_2025"]
[SourceDate "2025.07.09"]
[SourceVersion "1"]
[SourceVersionDate "2025.07.09"]
[SourceQuality "1"]

1. e4 e5 2. Nf3 Nc6 3. Nc3 Nf6 4. Bc4 Bc5 5. 0-0 d6 6. h3 a6 7. a4 h6 8. d3 g5 9. g4 Nh7 10. Be3 h5 11. Nh2 Nd4 12. Bxd4 Bxd4 13. Qf3 Be6 14. Ne2 hxg4 15. Nxg4 Qd7 16. Ng3 0-0-0 17. c3 Ba7 18. Nf5 Bxc4 19. dxc4 Nf8 20. Nfh6 Ng6 21. Qf5 Nf4 22. Nxf7 Nxh3+ 23. Kh2 Rh4 24. Kg3 Nf4 25. Rh1 Nh5+ 26. Kf3 Qxf5+ 27. exf5 e4+ 28. Ke2 Nf4+ 29. Kd2 Rxg4 30. Nxd8 Kxd8 31. f6 Rg2 32. Rag1 e3+ 33. Kc1 Rxg1+ 0-1

[Event "Titled Tuesday intern op 03rd Jan Late"]
[Site "Chess.com INT"]
[Date "2025.06.03"]
[Round "2"]
[White "Bok, Benjamin"]
[Black "George Micheal, Kevin"]
[Result "1-0"]
[WhiteElo "2591"]
[BlackElo "2301"]
[PlyCount "87"]
[EventDate "2025.06.03"]
[EventType "swiss (blitz)"]
[EventRounds "11"]
[EventCountry "USA"]
[SourceTitle "CB24_2025"]
[SourceDate "2025.06.11"]
[SourceVersion "1"]
[SourceVersionDate "2025.06.11"]
[SourceQuality "1"]

1. d4 Nf6 2. c4 e6 3. Nc3 Bb4 4. Qc2 d5 5. a3 Bxc3+ 6. Qxc3 Ne4 7. Qc2 c5 8. dxc5 Nc6 9. Nf3 Qa5+ 10. Bd2 Qxc5 11. e3 Nxd2 12. Nxd2 0-0 13. Bd3 h6 14. cxd5 Qxd5 15. Bh7+ Kh8 16. Be4 Qd6 17. Bxc6 bxc6 18. Ne4 Qd5 19. 0-0 Rb8 20. b4 a5 21. Rfd1 Qf5 22. bxa5 Qxa5 23. Qc5 Qxc5 24. Nxc5 Rb5 25. Rdc1 e5 26. a4 Ra5 27. Nb3 Ra6 28. a5 Bf5 29. e4 Bg4 30. f3 Bh5 31. Nc5 Raa8 32. a6 f6 33. Rcb1 Rf7 34. Rb6 Rc7 35. Kf2 Kh7 36. Rb7 Rxb7 37. axb7 Rxa1 38. b8Q Rc1 39. Ne6 Rc2+ 40. Kg3 Bf7 41. Nf8+ Kg8 42. Qd8 c5 43. Nd7+ Kh7 44. Qe7 1-0

[Event "Titled Tuesday intern op 03rd Jan Late"]
[Site "Chess.com INT"]
[Date "2025.06.03"]
[Round "1"]
[White "George Micheal, Kevin"]
[Black "Atkeson, Christopher Timothy"]
[Result "1-0"]
[WhiteElo "2301"]
[BlackElo "2031"]
[PlyCount "61"]
[EventDate "2025.06.03"]
[EventType "swiss (blitz)"]
[EventRounds "11"]
[EventCountry "USA"]
[SourceTitle "CB24_2025"]
[SourceDate "2025.06.11"]
[SourceVersion "1"]
[SourceVersionDate "2025.06.11"]
[SourceQuality "1"]

1. e4 b6 2. d4 Bb7 3. Bd3 g6 4. Nf3 Bg7 5. 0-0 d6 6. Qe2 e5 7. Bg5 f6 8. Be3 Ne7 9. dxe5 fxe5 10. Ng5 Qd7 11. Bc4 d5 12. exd5 Bxd5 13. Nc3 c6 14. Rad1 h6 15. Nge4 0-0 16. Bxd5+ cxd5 17. Nxd5 Nxd5 18. Qc4 Kh7 19. Rxd5 Qf7 20. Rfd1 Nd7 21. Qc7 Nf6 22. Nxf6+ Qxf6 23. Rd7 Rac8 24. Qxa7 Rxc2 25. Rxg7+ Kh8 26. Rh7+ Kg8 27. Rxh6 Rxf2 28. Rxg6+ Qxg6 29. Bxf2 Qf5 30. Qxb6 e4 31. Qe3 1-0

[Event "Titled Tuesday intern op 03rd Jan Late"]
[Site "Chess.com INT"]
[Date "2025.06.03"]
[Round "6"]
[White "George Micheal, Kevin"]
[Black "Tymrakiewicz, Rafal"]
[Result "1-0"]
[WhiteElo "2301"]
[BlackElo "2189"]
[PlyCount "141"]
[EventDate "2025.06.03"]
[EventType "swiss (blitz)"]
[EventRounds "11"]
[EventCountry "USA"]
[SourceTitle "CB24_2025"]
[SourceDate "2025.06.11"]
[SourceVersion "1"]
[SourceVersionDate "2025.06.11"]
[SourceQuality "1"]

1. d4 d5 2. c4 c6 3. Nf3 Nf6 4. Nc3 a6 5. g3 Bf5 6. Bg2 e6 7. 0-0 h6 8. Nd2 Be7 9. e4 dxe4 10. Ndxe4 Nxe4 11. Nxe4 Nd7 12. Qb3 Qb6 13. Bf4 0-0 14. Qxb6 Nxb6 15. b3 Nd7 16. Rad1 Bxe4 17. Bxe4 Nf6 18. Bf3 Rfd8 19. Rd2 Bb4 20. Rd3 Bd6 21. Be3 Rd7 22. Rfd1 Rc8 23. h4 Bb4 24. Kg2 Rcd8 25. g4 e5 26. g5 e4 27. gxf6 exd3 28. fxg7 d2 29. d5 cxd5 30. Bxd5 Rxd5 31. cxd5 Rxd5 32. Bxh6 Rh5 33. Bg5 Kxg7 34. Kf3 Rh8 35. Bxd2 Bxd2 36. Rxd2 Rxh4 37. Rd7 Rb4 38. Ke3 Kf6 39. f4 Ke6 40. Rc7 f5 41. Rh7 Re4+ 42. Kf3 Rb4 43. Rh6+ Ke7 44. Kg3 Kf7 45. Rd6 Ke7 46. Rd3 Ke6 47. Rf3 Rd4 48. Kh4 Rd2 49. Re3+ Kf6 50. a4 Rg2 51. Kh3 Rg4 52. Rf3 Ke6 53. Re3+ Kf6 54. Rf3 a5 55. Kh2 Kg6 56. Kh3 Kh5 57. Kh2 Kg6 58. Kh3 Kf7 59. Kh2 Kf6 60. Kh3 b6 61. Kh2 Ke6 62. Rc3 Kd5 63. Rd3+ Ke4 64. Rd6 Kxf4 65. Rxb6 Rh4+ 66. Kg1 Kg4 67. Rg6+ Kf4 68. Ra6 Rh3 69. Rxa5 Rc3 70. Rb5 Kg3 71. Rxf5 1-0

[Event "Titled Tuesday intern op 03rd Jan Late"]
[Site "Chess.com INT"]
[Date "2025.06.03"]
[Round "5"]
[White "Hiwale, Ronak"]
[Black "George Micheal, Kevin"]
[Result "0-1"]
[WhiteElo "2105"]
[BlackElo "2301"]
[PlyCount "178"]
[EventDate "2025.06.03"]
[EventType "swiss (blitz)"]
[EventRounds "11"]
[EventCountry "USA"]
[SourceTitle "CB24_2025"]
[SourceDate "2025.06.11"]
[SourceVersion "1"]
[SourceVersionDate "2025.06.11"]
[SourceQuality "1"]

1. Nf3 Nf6 2. g3 g6 3. Bg2 Bg7 4. 0-0 0-0 5. d3 d5 6. Nc3 d4 7. Nb1 c5 8. e4 Nc6 9. Ne1 e5 10. f4 Ne8 11. f5 g5 12. g4 f6 13. Nf3 Nd6 14. h4 h6 15. hxg5 hxg5 16. Kf2 Kf7 17. Rh1 Rh8 18. c3 Bd7 19. Nbd2 b5 20. Nf1 Qb6 21. Ng3 c4 22. cxd4 exd4 23. Qd2 Rae8 24. a4 cxd3 25. Qxd3 bxa4 26. Rxa4 Ne5 27. Nxe5+ Rxe5 28. Ra6 Qc5 29. Rxh8 Bxh8 30. Qb3+ Ke7 31. Bd2 d3+ 32. Be3 Qc2+ 33. Qxc2 dxc2 34. Ra1 a5 35. Rc1 Ba4 36. Ke2 Rb5 37. Bd4 Bb3 38. Kd2 a4 39. Bf1 Rb8 40. Bd3 Rc8 41. Bxc2 Nc4+ 42. Kd1 Na5 43. Bxb3 Rxc1+ 44. Kxc1 Nxb3+ 45. Kc2 Nxd4+ 46. Kc3 Nc6 47. Kc4 Kd6 48. Kb5 Ne5 49. Kxa4 Nxg4 50. b4 Ne3 51. b5 Kc5 52. Ka5 Nc4+ 53. Ka6 g4 54. Ne2 Nb6 55. Nf4 Nc8 56. Ne6+ Kd6 57. b6 Nxb6 58. Kxb6 g3 59. Nd4 Ke5 60. Ne2 g2 61. Kc5 Kxe4 62. Kc4 Kf3 63. Ng1+ Ke4 64. Ne2 Kxf5 65. Kd3 Kg4 66. Ke3 Kh3 67. Kf2 Kh2 68. Ng1 f5 69. Ne2 Bd4+ 70. Kf3 Be5 71. Kf2 f4 72. Kf3 g1Q 73. Nxg1 Kxg1 74. Ke4 Kf2 75. Kxe5 f3 76. Ke4 Ke2 77. Kd4 f2 78. Kc3 f1Q 79. Kd4 Qd1+ 80. Ke4 Qa4+ 81. Ke5 Ke3 82. Kd5 Qb5+ 83. Ke6 Ke4 84. Kf6 Qf5+ 85. Kg7 Qe6 86. Kh7 Kf5 87. Kh8 Qe7 88. Kg8 Kg6 89. Kh8 Qh7# 0-1

[Event "Marshall GM-A"]
[Site "New York"]
[Date "2025.05.24"]
[Round "4"]
[White "George Micheal, Kevin"]
[Black "Stearman, Josiah P"]
[Result "1/2-1/2"]
[WhiteElo "2301"]
[BlackElo "2438"]
[PlyCount "50"]
[EventDate "2025.05.22"]
[EventType "tourn"]
[EventRounds "9"]
[EventCountry "USA"]
[EventCategory "6"]
[SourceTitle "CB22_2025"]
[SourceDate "2025.05.28"]
[SourceVersion "1"]
[SourceVersionDate "2025.05.28"]
[SourceQuality "1"]

1. e4 c5 2. Nf3 e6 3. d4 cxd4 4. Nxd4 Nc6 5. Nc3 Nf6 6. Nxc6 bxc6 7. e5 Nd5 8. Ne4 Bb7 9. Be2 c5 10. 0-0 Qc7 11. Nd6+ Bxd6 12. exd6 Qc6 13. f3 c4 14. Qd4 0-0 15. Bxc4 Rfc8 16. b3 Qxd6 17. Bb2 Qb6 18. Bxd5 Bxd5 19. c4 Qxd4+ 20. Bxd4 Bb7 21. Rac1 a5 22. Rfd1 f6 23. Be3 d5 24. cxd5 Bxd5 25. Rxc8+ Rxc8 1/2-1/2

[Event "Marshall GM-A"]
[Site "New York"]
[Date "2025.05.24"]
[Round "5"]
[White "Putnam, Liam H"]
[Black "George Micheal, Kevin"]
[Result "1-0"]
[WhiteElo "2443"]
[BlackElo "2301"]
[PlyCount "125"]
[EventDate "2025.05.22"]
[EventType "tourn"]
[EventRounds "9"]
[EventCountry "USA"]
[EventCategory "6"]
[SourceTitle "CB22_2025"]
[SourceDate "2025.05.28"]
[SourceVersion "1"]
[SourceVersionDate "2025.05.28"]
[SourceQuality "1"]

1. e4 e5 2. Nf3 Nf6 3. Nxe5 d6 4. Nf3 Nxe4 5. d4 d5 6. Bd3 Bd6 7. 0-0 0-0 8. c4 c6 9. Re1 Bf5 10. Qb3 Qd7 11. Nc3 Nxc3 12. Bxf5 Qxf5 13. bxc3 b6 14. cxd5 cxd5 15. Qb5 Qd7 16. a4 Qxb5 17. axb5 a5 18. bxa6 Rxa6 19. Rb1 Nd7 20. Kf1 Rc8 21. Bd2 Kf8 22. Rb5 Ra5 23. Reb1 Rca8 24. Ke2 Ke7 25. Ne1 Rxb5 26. Rxb5 Ra5 27. Rb2 Ra4 28. Nc2 Bc7 29. h3 Ke6 30. Kd3 Nf6 31. f3 Ne8 32. Rb1 Kd7 33. Re1 Bg3 34. Rb1 Bc7 35. g4 Nd6 36. Nb4 Ra5 37. Bf4 Ne8 38. Be5 f6 39. Bxc7 Nxc7 40. Nc2 Rb5 41. Ra1 Ra5 42. Rf1 Ra8 43. f4 Rc8 44. Ne3 Ra8 45. Rb1 Kc6 46. f5 Ra2 47. Nc2 Ra8 48. Rg1 h6 49. h4 Rf8 50. Ne3 Nb5 51. Nxd5 Kxd5 52. c4+ Kc6 53. cxb5+ Kxb5 54. Rc1 h5 55. gxh5 Rh8 56. d5 Rxh5 57. d6 Rxf5 58. Kd4 Rh5 59. d7 Rxh4+ 60. Kd5 Rh2 61. Rb1+ Ka5 62. d8Q Rd2+ 63. Kc4 1-0

[Event "Titled Tuesday intern op 01st Apr Late"]
[Site "Chess.com INT"]
[Date "2025.04.01"]
[Round "9"]
[White "George Micheal, Kevin"]
[Black "Piliposyan, Robert"]
[Result "0-1"]
[WhiteElo "2288"]
[BlackElo "2416"]
[PlyCount "126"]
[EventDate "2025.04.01"]
[EventType "swiss (blitz)"]
[EventRounds "11"]
[EventCountry "USA"]
[SourceTitle "CB15_2025"]
[SourceDate "2025.04.09"]
[SourceVersion "1"]
[SourceVersionDate "2025.04.09"]
[SourceQuality "1"]

1. e4 e5 2. Nf3 Nc6 3. Bb5 a6 4. Ba4 d6 5. d4 b5 6. Bb3 Nxd4 7. Nxd4 exd4 8. Qxd4 c5 9. Qd5 Be6 10. Qc6+ Bd7 11. Qd5 c4 12. Bxc4 bxc4 13. 0-0 Nf6 14. Qd4 Be7 15. Nc3 Be6 16. f4 0-0 17. f5 Bd7 18. Qxc4 Rc8 19. Qxa6 Bc6 20. Qd3 Qb6+ 21. Kh1 Qb7 22. Re1 Rfe8 23. Bf4 Qxb2 24. a4 Qb4 25. Rab1 Qa5 26. e5 Ng4 27. Qg3 Nxe5 28. Bxe5 dxe5 29. Rxe5 Qc7 30. Rbe1 f6 31. Re6 Qxg3 32. hxg3 Bb4 33. Rxe8+ Bxe8 34. Nd5 Bxe1 35. Ne7+ Kf8 36. Nxc8 Bxa4 37. c4 Bxg3 38. Nb6 Bc6 39. Kg1 Bd6 40. Kf1 Bc5 41. Nd5 Bxd5 42. cxd5 Ke7 43. Ke2 Kd6 44. Kf3 Kxd5 45. Kg4 Ke5 46. g3 Bb6 47. Kh5 Kxf5 48. g4+ Kf4 49. g5 g6+ 50. Kh6 fxg5 51. Kxh7 g4 52. Kxg6 g3 53. Kf6 g2 54. Ke6 g1Q 55. Kd5 Qd4+ 56. Kc6 Qc5+ 57. Kb7 Ke5 58. Ka6 Kd5 59. Kb7 Qc6+ 60. Kb8 Bc7+ 61. Kc8 Bd6+ 62. Kd8 Qc7+ 63. Ke8 Qe7# 0-1

[Event "Titled Tuesday intern op 01st Apr Late"]
[Site "Chess.com INT"]
[Date "2025.04.01"]
[Round "8"]
[White "Gharibyan, Mamikon"]
[Black "George Micheal, Kevin"]
[Result "1-0"]
[WhiteElo "2472"]
[BlackElo "2288"]
[PlyCount "75"]
[EventDate "2025.04.01"]
[EventType "swiss (blitz)"]
[EventRounds "11"]
[EventCountry "USA"]
[SourceTitle "CB15_2025"]
[SourceDate "2025.04.09"]
[SourceVersion "1"]
[SourceVersionDate "2025.04.09"]
[SourceQuality "1"]

1. d4 Nf6 2. c4 e6 3. Nc3 Bb4 4. e3 0-0 5. Bd3 d5 6. cxd5 exd5 7. Nge2 Re8 8. a3 Bd6 9. Qc2 c6 10. Bd2 b6 11. f3 Ba6 12. g4 c5 13. g5 Nfd7 14. Bxh7+ Kh8 15. 0-0-0 g6 16. Bxg6 fxg6 17. Qxg6 Bxe2 18. Nxe2 Qe7 19. Nc3 Qe6 20. Qh5+ Kg7 21. f4 Qg6 22. Qg4 Rf8 23. Nxd5 cxd4 24. exd4 Qf5 25. Qxf5 Rxf5 26. Ne3 Rxf4 27. Nc4 Bc7 28. Bxf4 Bxf4+ 29. Kb1 Nc6 30. h4 b5 31. d5 Ne7 32. Na5 Rc8 33. Rhf1 Be5 34. Nc6 Bd6 35. Rfe1 Nf5 36. h5 a6 37. Re6 Rc7 38. Rf1 1-0

[Event "Titled Tuesday intern op 01st Apr Late"]
[Site "Chess.com INT"]
[Date "2025.04.01"]
[Round "3"]
[White "Krzywda, Andrzej"]
[Black "George Micheal, Kevin"]
[Result "0-1"]
[WhiteElo "2170"]
[BlackElo "2288"]
[PlyCount "90"]
[EventDate "2025.04.01"]
[EventType "swiss (blitz)"]
[EventRounds "11"]
[EventCountry "USA"]
[SourceTitle "CB21_2025"]
[SourceDate "2025.05.21"]
[SourceVersion "1"]
[SourceVersionDate "2025.05.21"]
[SourceQuality "1"]

1. e4 g6 2. d4 Bg7 3. Nc3 d6 4. Be3 a6 5. Qd2 b5 6. 0-0-0 Bb7 7. f3 Nd7 8. h4 h6 9. h5 g5 10. Nce2 Rc8 11. Kb1 c5 12. dxc5 Nxc5 13. Bd4 Nf6 14. Ng3 Ne6 15. Nf5 Nxd4 16. Nxg7+ Kf8 17. Qxd4 Kxg7 18. Ne2 Qc7 19. Rd2 Rhd8 20. Ng3 e6 21. Bd3 d5 22. e5 Nd7 23. Re2 Qc5 24. Qg4 Kf8 25. Rf1 Ke7 26. f4 Qd4 27. Qh3 Rg8 28. fxg5 Rxg5 29. Ref2 Nxe5 30. Ne2 Qg4 31. Qe3 d4 32. Qd2 Bxg2 33. Qb4+ Ke8 34. Rg1 Nxd3 35. cxd3 Qh3 36. Nf4 Qe3 37. Re1 Qxf2 38. Nxe6 fxe6 39. Rxe6+ Kf7 40. Qe7+ Kg8 41. a3 Qf7 42. Ka2 Qxe7 43. Rxe7 Bd5+ 44. Kb1 Rg1+ 45. Re1 Rxe1# 0-1

[Event "Titled Tuesday intern op 18th Mar Late"]
[Site "Chess.com INT"]
[Date "2025.03.18"]
[Round "8"]
[White "Materia, Marco"]
[Black "George Micheal, Kevin"]
[Result "1-0"]
[WhiteElo "2486"]
[BlackElo "2288"]
[PlyCount "127"]
[EventDate "2025.03.18"]
[EventType "swiss (blitz)"]
[EventRounds "11"]
[EventCountry "USA"]
[SourceTitle "CB13_2025"]
[SourceDate "2025.03.26"]
[SourceVersion "1"]
[SourceVersionDate "2025.03.26"]
[SourceQuality "1"]

1. Nf3 d5 2. b3 Nf6 3. Bb2 Bf5 4. d3 e6 5. Nh4 Bg4 6. h3 Bh5 7. g4 Nfd7 8. Ng2 Bg6 9. Nf4 c5 10. Nd2 Nc6 11. Bg2 Qc7 12. e3 Nf6 13. g5 Nh5 14. Nxh5 Bxh5 15. Qxh5 Nb4 16. Qd1 0-0-0 17. a3 Nc6 18. Qg4 Bd6 19. f4 d4 20. Bxc6 dxe3 21. Bxb7+ Kxb7 22. Nc4 Bxf4 23. 0-0 Bg3 24. Qf3+ Kb8 25. Qxe3 Rd5 26. Rf3 Bh2+ 27. Kh1 h6 28. Raf1 Rxg5 29. Rxf7 Qc6+ 30. Qf3 Qxf3+ 31. R1xf3 Bc7 32. Rxg7 Rxg7 33. Bxg7 Rh7 34. Be5 Kb7 35. Bxc7 Kxc7 36. Kg2 Rg7+ 37. Kf2 Kd7 38. Rf8 Ke7 39. Rh8 Rg6 40. Rh7+ Kf6 41. Rxa7 Rg5 42. a4 Rf5+ 43. Kg3 Rg5+ 44. Kf3 Rf5+ 45. Ke4 Rf2 46. Ne3 Re2 47. a5 Re1 48. a6 h5 49. Ra8 Ra1 50. a7 Kg7 51. Ke5 h4 52. Kxe6 Ra6+ 53. Kd5 c4 54. Nxc4 Ra2 55. b4 Ra6 56. b5 Ra2 57. b6 Rxc2 58. b7 Rc3 59. b8Q Rxd3+ 60. Ke4 Rxh3 61. Qh8+ Kg6 62. Rg8+ Kf7 63. Qg7+ Ke6 64. Re8# 1-0

[Event "Titled Tuesday intern op 11th Mar Late"]
[Site "Chess.com INT"]
[Date "2025.03.11"]
[Round "6"]
[White "Boyer, Mahel"]
[Black "George Micheal, Kevin"]
[Result "1-0"]
[WhiteElo "2529"]
[BlackElo "2288"]
[PlyCount "61"]
[EventDate "2025.03.11"]
[EventType "swiss (blitz)"]
[EventRounds "11"]
[EventCountry "USA"]
[SourceTitle "CB12_2025"]
[SourceDate "2025.03.19"]
[SourceVersion "1"]
[SourceVersionDate "2025.03.19"]
[SourceQuality "1"]

1. e4 e5 2. Nc3 Nf6 3. d4 exd4 4. Qxd4 Nc6 5. Qd3 Bb4 6. Bf4 0-0 7. 0-0-0 Re8 8. Nge2 d6 9. f3 Be6 10. a3 Bc5 11. Qd2 Ne5 12. Nd4 Bc4 13. Nf5 Bxf1 14. Rhxf1 g6 15. Nh6+ Kg7 16. Bg5 Qd7 17. f4 Nc4 18. Bxf6+ Kxf6 19. Nd5+ Kg7 20. Nf5+ gxf5 21. Qc3+ Ne5 22. fxe5 Rxe5 23. Rxf5 Rae8 24. Nf6 Qe6 25. Rxe5 Be3+ 26. Qxe3 Qxe5 27. Nxe8+ Qxe8 28. Rd5 c6 29. Rxd6 Qe5 30. Qg3+ Qxg3 31. hxg3 1-0

[Event "Titled Tuesday intern op 11th Mar Late"]
[Site "Chess.com INT"]
[Date "2025.03.11"]
[Round "5"]
[White "George Micheal, Kevin"]
[Black "Cieslak, Patryk"]
[Result "1-0"]
[WhiteElo "2288"]
[BlackElo "2411"]
[PlyCount "147"]
[EventDate "2025.03.11"]
[EventType "swiss (blitz)"]
[EventRounds "11"]
[EventCountry "USA"]
[SourceTitle "CB12_2025"]
[SourceDate "2025.03.19"]
[SourceVersion "1"]
[SourceVersionDate "2025.03.19"]
[SourceQuality "1"]

1. e4 d6 2. d4 Nf6 3. Nc3 e5 4. Nf3 Nbd7 5. Bc4 Be7 6. 0-0 0-0 7. a4 c6 8. Re1 h6 9. h3 Re8 10. Be3 Bf8 11. Qd2 Qc7 12. Rad1 exd4 13. Bxd4 Ne5 14. Be2 Be6 15. b3 a6 16. Qf4 Nfd7 17. Qg3 Be7 18. Nh4 Qd8 19. Nf5 Bxf5 20. exf5 Bh4 21. Qf4 Bg5 22. Qg3 Bh4 23. Qf4 d5 24. Bh5 Qg5 25. Qxg5 Bxg5 26. h4 Bxh4 27. g3 Bf6 28. Kg2 Nf8 29. f4 Ned7 30. Ne2 Bxd4 31. Nxd4 Nf6 32. Bf3 N8d7 33. b4 Rxe1 34. Rxe1 Re8 35. Rxe8+ Nxe8 36. b5 cxb5 37. axb5 Nc7 38. bxa6 bxa6 39. Nc6 Kf8 40. g4 Nb6 41. Kf2 Ke8 42. Ke3 Kd7 43. Ne5+ Ke7 44. Kd4 Nd7 45. Bxd5 Nb5+ 46. Kc4 Nb6+ 47. Kc5 Nd7+ 48. Nxd7 Kxd7 49. Bc6+ Kc7 50. Bxb5 axb5 51. Kxb5 g6 52. fxg6 fxg6 53. Kc5 h5 54. gxh5 gxh5 55. Kd4 Kd6 56. Ke4 Ke6 57. c4 h4 58. Kf3 Kf5 59. c5 h3 60. Kg3 Ke6 61. Kxh3 Kd5 62. Kg4 Kxc5 63. Kf5 Kd6 64. Kf6 Kd7 65. Kf7 Kd6 66. f5 Ke5 67. f6 Kd6 68. Kg7 Ke6 69. f7 Kd5 70. f8Q Kc4 71. Qd6 Kb3 72. Kf6 Ka2 73. Ke5 Ka1 74. Kd4 1-0

[Event "Titled Tuesday intern op 11th Mar Late"]
[Site "Chess.com INT"]
[Date "2025.03.11"]
[Round "8"]
[White "George Micheal, Kevin"]
[Black "Gajewski, Grzegorz"]
[Result "1-0"]
[WhiteElo "2288"]
[BlackElo "2547"]
[PlyCount "55"]
[EventDate "2025.03.11"]
[EventType "swiss (blitz)"]
[EventRounds "11"]
[EventCountry "USA"]
[SourceTitle "CB12_2025"]
[SourceDate "2025.03.19"]
[SourceVersion "1"]
[SourceVersionDate "2025.03.19"]
[SourceQuality "1"]

1. d4 d5 2. c4 e6 3. Nf3 Nf6 4. g3 Bb4+ 5. Bd2 Be7 6. Qc2 0-0 7. Bg2 c6 8. 0-0 Nbd7 9. Bf4 a5 10. Nbd2 Nh5 11. Be3 b6 12. Rfc1 Ba6 13. b3 Rc8 14. Bf1 f5 15. cxd5 c5 16. dxc5 Nxc5 17. Qb2 Qxd5 18. Nc4 f4 19. Nxb6 fxe3 20. Nxd5 exf2+ 21. Kxf2 exd5 22. Qe5 Ne4+ 23. Kg2 Rxc1 24. Rxc1 Ba3 25. Qxh5 Bxc1 26. Qxd5+ Kh8 27. Qxe4 h6 28. Qc6 1-0

[Event "Titled Tuesday intern op 11th Mar Late"]
[Site "Chess.com INT"]
[Date "2025.03.11"]
[Round "7"]
[White "George Micheal, Kevin"]
[Black "Gustafsson, Jan"]
[Result "1/2-1/2"]
[WhiteElo "2288"]
[BlackElo "2602"]
[PlyCount "137"]
[EventDate "2025.03.11"]
[EventType "swiss (blitz)"]
[EventRounds "11"]
[EventCountry "USA"]
[SourceTitle "CB12_2025"]
[SourceDate "2025.03.19"]
[SourceVersion "1"]
[SourceVersionDate "2025.03.19"]
[SourceQuality "1"]

1. e4 c6 2. d4 g6 3. Nf3 d5 4. Bd3 dxe4 5. Bxe4 Nf6 6. Bd3 Bg7 7. 0-0 0-0 8. h3 c5 9. dxc5 Qc7 10. c3 Qxc5 11. Be3 Qc7 12. Nbd2 Nc6 13. Qe2 b6 14. Ne4 Bb7 15. Nxf6+ Bxf6 16. Bh6 Rfd8 17. Be4 Na5 18. Bxb7 Qxb7 19. Rad1 b5 20. Bg5 Nc4 21. b3 Nd6 22. Bxf6 exf6 23. Rd3 Ne4 24. Rfd1 Rxd3 25. Rxd3 Rc8 26. c4 bxc4 27. bxc4 Kg7 28. Rd4 f5 29. Kh2 Qb8+ 30. g3 Rc6 31. Nd2 Qb2 32. Qe3 Qxa2 33. Nxe4 fxe4 34. Rxe4 Rf6 35. Kg2 Qa1 36. Qd4 Qxd4 37. Rxd4 a5 38. c5 Rc6 39. Rc4 Kf6 40. Kf3 Ke5 41. Rf4 Rf6 42. Rxf6 Kxf6 43. Ke4 Ke6 44. Kd4 Kd7 45. Kd5 Kc7 46. Kd4 Kc6 47. Kc4 a4 48. Kb4 a3 49. Kxa3 Kxc5 50. Kb3 Kd4 51. Kc2 Ke4 52. Kd2 Kf3 53. Ke1 Kg2 54. h4 Kf3 55. Kf1 f5 56. Kg1 f4 57. gxf4 Kxf4 58. h5 g5 59. h6 Kg4 60. Kg2 Kh5 61. Kg3 Kxh6 62. f4 gxf4+ 63. Kxf4 Kg7 64. Kg5 Kh8 65. Kh6 Kg8 66. Kh5 Kh8 67. Kh6 Kg8 68. Kh5 Kh8 69. Kh6 1/2-1/2

[Event "Titled Tuesday intern op 11th Mar Early"]
[Site "Chess.com INT"]
[Date "2025.03.11"]
[Round "4"]
[White "George Micheal, Kevin"]
[Black "Turzo, Attila"]
[Result "1-0"]
[WhiteElo "2288"]
[BlackElo "2272"]
[PlyCount "113"]
[EventDate "2025.03.11"]
[EventType "swiss (blitz)"]
[EventRounds "11"]
[EventCountry "USA"]
[SourceTitle "CB12_2025"]
[SourceDate "2025.03.19"]
[SourceVersion "1"]
[SourceVersionDate "2025.03.19"]
[SourceQuality "1"]

1. d4 Nf6 2. c4 e6 3. Nc3 Bb4 4. Qc2 0-0 5. a3 Bxc3+ 6. Qxc3 b6 7. Nf3 Bb7 8. Bg5 h6 9. Bh4 d6 10. e3 Nbd7 11. Bd3 c5 12. 0-0 Rc8 13. Be2 d5 14. cxd5 cxd4 15. Qxd4 Bxd5 16. Rfc1 g5 17. Bg3 Ne4 18. Ba6 Rxc1+ 19. Rxc1 Ndc5 20. Bc4 Bxc4 21. Rxc4 Nxg3 22. hxg3 Qxd4 23. Nxd4 Rd8 24. b4 Na6 25. Kf1 Kf8 26. Ke2 Ke8 27. Nc6 Rd7 28. Ne5 Rc7 29. Rd4 Rc2+ 30. Kf3 Rc3 31. Rd7 f6 32. Rxa7 Nxb4 33. axb4 fxe5 34. Ke4 Rc4+ 35. Kxe5 Rxb4 36. Kxe6 Kf8 37. Kf6 Ke8 38. Kg6 Rb2 39. Rf7 b5 40. Rf6 b4 41. Kxh6 b3 42. Kxg5 Rc2 43. f4 b2 44. Rb6 Rxg2 45. g4 Kd7 46. Kf5 Kc7 47. Rb3 Kc6 48. g5 Kc5 49. Kf6 Kc4 50. Rb8 Kc3 51. f5 Rg1 52. g6 b1Q 53. Rxb1 Rxb1 54. g7 Rg1 55. Kf7 Kd3 56. g8Q Rxg8 57. Kxg8 1-0

[Event "Titled Tuesday intern op 11th Mar Early"]
[Site "Chess.com INT"]
[Date "2025.03.11"]
[Round "1"]
[White "Vachier Lagrave, Maxime"]
[Black "George Micheal, Kevin"]
[Result "1-0"]
[WhiteElo "2725"]
[BlackElo "2288"]
[PlyCount "127"]
[EventDate "2025.03.11"]
[EventType "swiss (blitz)"]
[EventRounds "11"]
[EventCountry "USA"]
[SourceTitle "CB12_2025"]
[SourceDate "2025.03.19"]
[SourceVersion "1"]
[SourceVersionDate "2025.03.19"]
[SourceQuality "1"]

1. e4 e5 2. Nf3 Nf6 3. d4 Nxe4 4. Bd3 d5 5. Nxe5 Bd6 6. 0-0 0-0 7. Nc3 Nxc3 8. bxc3 Nc6 9. f4 f6 10. Qh5 f5 11. Bb2 Qf6 12. Rae1 g6 13. Qf3 Be6 14. c4 dxc4 15. Bxc4 Bxc4 16. Nxc4 b5 17. Ne5 Ne7 18. Nd7 Qf7 19. Nxf8 Rxf8 20. d5 Nxd5 21. g3 b4 22. Kh1 Nc3 23. Bxc3 bxc3 24. Qxc3 Qxa2 25. Qb3+ Qxb3 26. cxb3 Rb8 27. Rf3 a5 28. Ra1 Rb5 29. Rd3 Kf7 30. Kg2 Ke6 31. Kf3 Kd7 32. Ke2 Kc6 33. Kd2 Bb4+ 34. Ke2 Rc5 35. Kd1 Rd5 36. Rc1+ Bc5 37. Ke2 Rxd3 38. Kxd3 Kd5 39. Re1 Bd6 40. Re8 h6 41. Rg8 g5 42. fxg5 hxg5 43. Rxg5 Ke6 44. Rg8 f4 45. gxf4 Bxf4 46. h4 Kf7 47. Ra8 Bg3 48. h5 Be1 49. Ra7 Kg7 50. Rxc7+ Kh6 51. Rc5 Bb4 52. Rb5 Be1 53. Kc2 Bb4 54. Rxb4 axb4 55. Kd3 Kxh5 56. Kc4 Kg6 57. Kxb4 Kf7 58. Kc5 Ke8 59. Kb6 Kd8 60. b4 Kc8 61. Ka7 Kc7 62. b5 Kc8 63. b6 Kd7 64. b7 1-0

[Event "Titled Tuesday intern op 25th Feb Early"]
[Site "Chess.com INT"]
[Date "2025.02.25"]
[Round "9"]
[White "George Micheal, Kevin"]
[Black "Chua, Alexander J"]
[Result "1-0"]
[WhiteElo "2288"]
[BlackElo "2308"]
[PlyCount "55"]
[EventDate "2025.02.25"]
[EventType "swiss (blitz)"]
[EventRounds "11"]
[EventCountry "USA"]
[SourceTitle "CB10_2025"]
[SourceDate "2025.03.05"]
[SourceVersion "1"]
[SourceVersionDate "2025.03.05"]
[SourceQuality "1"]

1. e4 c5 2. Nf3 a6 3. c3 e6 4. d4 d5 5. e5 Bd7 6. Bd3 cxd4 7. cxd4 Bb5 8. Bc2 a5 9. Nc3 Ba6 10. Ne2 Nc6 11. 0-0 Nge7 12. Re1 Nc8 13. Ng3 Be7 14. Nh5 g6 15. Nf4 0-0 16. Bd3 b5 17. g3 Nb6 18. h4 a4 19. h5 Kg7 20. hxg6 hxg6 21. Bxg6 Rh8 22. Kg2 b4 23. Qc2 Qe8 24. Bh5 b3 25. axb3 axb3 26. Qb1 Qd7 27. Rh1 Nb4 28. Bxf7 1-0

[Event "Titled Tuesday intern op 25th Feb Early"]
[Site "Chess.com INT"]
[Date "2025.02.25"]
[Round "1"]
[White "George Micheal, Kevin"]
[Black "Orshonova, Elena"]
[Result "1/2-1/2"]
[WhiteElo "2288"]
[BlackElo "1948"]
[PlyCount "28"]
[EventDate "2025.02.25"]
[EventType "swiss (blitz)"]
[EventRounds "11"]
[EventCountry "USA"]
[SourceTitle "CB10_2025"]
[SourceDate "2025.03.05"]
[SourceVersion "1"]
[SourceVersionDate "2025.03.05"]
[SourceQuality "1"]

1. e4 e5 2. Nf3 Nc6 3. Bb5 Nf6 4. d3 d6 5. 0-0 Bg4 6. h3 Bxf3 7. Qxf3 Qd7 8. c3 a6 9. Ba4 b5 10. Bb3 Be7 11. Qg3 Nh5 12. Qf3 Nf6 13. Qg3 Nh5 14. Qf3 Nf6 1/2-1/2